| 000 | 00473nam a22001697a 4500 | ||
|---|---|---|---|
| 003 | SISC | ||
| 005 | 20160317150917.0 | ||
| 008 | 130902t xxu||||| |||| 00| 0 eng d | ||
| 050 |
_aMT 733 _b.W373 1963 |
||
| 082 |
_aHS 784.193 _bW38 1963 |
||
| 100 |
_aFred Weber _916089 |
||
| 245 |
_aFirst division band method / _cFred Weber |
||
| 260 |
_aNew York : _bFirst Division Publishing Corporation, _cc1963. |
||
| 300 |
_a28 p. _bill. ; |
||
| 942 |
_2lcc _cBK |
||
| 999 |
_c10144 _d10144 |
||